000
00232nam a2200097Ia 4500
001
797426
005
20250826170807.0
008
250824s9999 xx 000 0 und d
245
0
_a
BÖCEK ATLASI
_c
FATİH DİKMEN
260
_b
TAZE KİTAP
999
_c
797426
_d
797426